LEADER 01817nam 2200553Ia 450 001 9910789821803321 005 20230721014008.0 010 $a0-8014-6044-1 035 $a(CKB)2670000000080955 035 $a(OCoLC)764556549 035 $a(CaPaEBR)ebrary10457544 035 $a(SSID)ssj0000482905 035 $a(PQKBManifestationID)11341256 035 $a(PQKBTitleCode)TC0000482905 035 $a(PQKBWorkID)10529188 035 $a(PQKB)10103023 035 $a(MiAaPQ)EBC3137923 035 $a(OCoLC)967558188 035 $a(MdBmJHUP)muse28728 035 $a(Au-PeEL)EBL3137923 035 $a(CaPaEBR)ebr10457544 035 $a(OCoLC)922998068 035 $a(EXLCZ)992670000000080955 100 $a20070209d2007 uy 0 101 0 $aeng 135 $aurcn||||||||| 181 $ctxt 182 $cc 183 $acr 200 10$aBanking on small business$b[electronic resource] $emicrofinance in contemporary Russia /$fGail Buyske 210 $aIthaca $cCornell University Press$d2007 215 $a1 online resource (238 p.) 300 $aBibliographic Level Mode of Issuance: Monograph 311 $a0-8014-4578-7 320 $aIncludes bibliographical references and index. 327 $aMicrofinance : a global overview -- The growth of Russian entrepreneurs -- Russia's financial sector -- KMB Bank, the Russian Small Business Credit Bank. 606 $aMicrofinance$zRussia (Federation) 606 $aSmall business$zRussia (Federation)$xFinance 615 0$aMicrofinance 615 0$aSmall business$xFinance. 676 $a332.1/753 700 $aBuyske$b Gail$01471997 801 0$bMiAaPQ 801 1$bMiAaPQ 801 2$bMiAaPQ 906 $aBOOK 912 $a9910789821803321 996 $aBanking on small business$93684575 997 $aUNINA LEADER 01245nas 2200373-a 450 001 9910172109403321 005 20240413030001.0 035 $a(CKB)991042732795952 035 $a(CONSER)---98641815- 035 $a(EXLCZ)99991042732795952 100 $a19980710b19982000 --- a 101 0 $aeng 181 $ctxt$2rdacontent 182 $cc$2rdamedia 183 $acr$2rdacarrier 200 10$aFood engineering international 210 $aHighlands Ranch, CO $cCahners Business Information$dİ1998-2000 215 $a1 online resource 300 $aTitle from cover. 300 $aAt head of title: Cahners. 311 08$aPrint version: Food engineering international (Highlands Ranch, Colo.) 1521-6004 (DLC) 98641815 (OCoLC)39461446 517 1 $aCahners food engineering international 531 0 $aFood eng. int. 606 $aFood industry and trade$vPeriodicals 606 $aFood industry and trade$2fast$3(OCoLC)fst00930843 608 $aPeriodicals.$2fast 615 0$aFood industry and trade 615 7$aFood industry and trade. 676 $a664/.005 906 $aJOURNAL 912 $a9910172109403321 920 $aexl_impl conversion 996 $aFood engineering international$91972671 997 $aUNINA LEADER 02944nam 22005893 450 001 9910163958603321 005 20241107100721.0 010 $a1-5247-4226-0 035 $a(CKB)3710000000911513 035 $a(MiAaPQ)EBC6108471 035 $a(Au-PeEL)EBL6108471 035 $a(OCoLC)1156094579 035 $a(ODN)ODN0002461955 035 $a(EXLCZ)993710000000911513 100 $a20210901d2016 uy 0 101 0 $aeng 135 $aurcnu|||||||| 181 $ctxt$2rdacontent 182 $cc$2rdamedia 183 $acr$2rdacarrier 200 10$aFind Her 210 $d2016 210 1$aEast Rutherford :$cPenguin Publishing Group,$d2016. 210 4$dİ2016. 215 $a1 online resource (359 pages) 225 1 $aDetective D. D. Warren ;$vv.9 311 08$a0-451-47716-2 311 08$a0-698-40422-X 330 $a"Flora Dane is a victim. Seven years ago, carefree college student Flora was kidnapped while on spring break. For 472 days, Flora learned just how much one person can endure. Flora Dane is a survivor. Miraculously alive after her ordeal, Flora has spent the past five years reacquainting herself with the rhythms of normal life, working with her FBI victim advocate, Samuel Keynes. She has a mother who's never stopped loving her, a brother who is scared of the person she's become, and a bedroom wall covered with photos of other girls who've never made it home. Flora Dane is reckless.. or is she? When Boston detective D. D. Warren is called to the scene of a crime--a dead man and the bound, naked woman who killed him--she learns that Flora has tangled with three other suspects since her return to society. Is Flora a victim or a vigilante? And with her firsthand knowledge of criminal behavior, could she hold the key to rescuing a missing college student whose abduction has rocked Boston? When Flora herself disappears, D.D. realizes a far more sinister predator is out there. One who's determined that this time, Flora Dane will never escape. And now it is all up to D. D. Warren to find her"--$cProvided by publisher. 410 0$aDetective D. D. Warren 606 $aPolice$zMassachusetts$zBoston$vFiction 606 $aMissing persons$xInvestigation$vFiction 606 $aWomen college students$vFiction 606 $aVigilante$vFiction 606 $aFICTION / Suspense$2bisacsh 606 $aFICTION / Mystery & Detective / Police Procedural$2bisacsh 615 0$aPolice 615 0$aMissing persons$xInvestigation 615 0$aWomen college students 615 0$aVigilante 615 7$aFICTION / Suspense. 615 7$aFICTION / Mystery & Detective / Police Procedural. 676 $a813/.54 686 $aFIC030000$aFIC022020$2bisacsh 700 $aGardner$b Lisa$01215413 801 0$bMiAaPQ 801 1$bMiAaPQ 801 2$bMiAaPQ 906 $aBOOK 912 $a9910163958603321 996 $aFind Her$92808331 997 $aUNINA